|
|
|
|
| LEADER |
00991nam a2200241 u 4500 |
| 001 |
10026866 |
| 003 |
upatras |
| 005 |
20210406115007.0 |
| 008 |
950921s1970 fr fre |
| 952 |
|
|
|0 0
|1 0
|4 0
|6 534_000000000000000_SOU
|7 0
|9 197231
|a PHYS
|b PHYS
|d 2016-04-24
|i 01872
|l 0
|o 534 SOU
|p 025000019111
|r 2016-04-24 00:00:00
|t 1
|w 2016-04-24
|y BK15
|
| 999 |
|
|
|c 121062
|d 121062
|
| 040 |
|
|
|a GR-PaULI
|c GR-PaULI
|
| 041 |
0 |
|
|a fre
|
| 100 |
1 |
|
|a Soutif, Michel
|9 152634
|
| 245 |
1 |
0 |
|a Vibrations propagation diffusion /
|c Michel Soutif ; preface du Yves Rocard
|
| 260 |
|
|
|a Paris :
|b Dunod,
|c 1970.
|
| 300 |
|
|
|a xviii, 266 σ. :
|b εικ. ;
|c 23 εκ.
|
| 490 |
0 |
|
|a Collection Dunod Universite : maitrise de physique ;
|
| 504 |
|
|
|a Περιλαμβάνει βιβλιογραφικές παραπομπές.
|
| 650 |
|
4 |
|a Κύματα (Φυσική)
|9 2387
|
| 760 |
1 |
|
|a Collection Dunod Universite
|
| 852 |
|
|
|a GR-PaULI
|b ΠΑΤΡΑ
|b ΦΥΣΙΚΟ
|k ΑΕΧ-1
|h 534 SOU
|m 01872
|p 025000019111
|t 1
|
| 942 |
|
|
|2 ddc
|c BK15
|